LEADER 00890nam a2200229 i 4500 001 000000143639 003 CaOOAMICUS 005 20240506152849.0 008 051008n it u000 u ita u 013 $a118997 040 $aSeMil$bita 100 1 $aScott, Walter,$d<1846-1917>.$0(OLS)http://semarc/name/57366 245 10$aCarlo il temerario, ovvero :$bLa vergine della nebbia /$cWalter Scott. 250 $anuovissima edizione ricorretta. 260 $aMilano :$bCesare Cioffi,$c[19-?] 300 $a383 p. ;$c19 cm. 850 $aSeMil 852 $aSeMil$W1$xVenegono$y1$m1232 1 *$j96701$B96701$CSeMilBibl$Z2$F104068 $81 961 $aRecupero: Biblioteca Seminario Saronno 996 $6245$aCarlo il temerario, ovvero :$bLa vergine della nebbia$9(OLS)http://semarc/title/210223 996 $6260$aMilano :$bCesare Cioffi$9(OLS)http://semarc/publisher/47570 LEADER 01210nam a2200217 4500 001 000000357275 003 CaOOAMICUS 005 20240220111830.0 008 240220s1810 fr a 000 u fre r 040 $aSeMil$bita 100 11$aCervantes Saavedra, Miguel : de,$d<1547-1616>.$0(OLS)http://semarc/name/4088 245 10$aTome 2. 264 1$aParis :$bBriand, libraire, rue des Poitevins, n° 2, au coin de la rue Hautefeuille,$c1810. 300 $a[4], 189, [1] p., [4] carte di tav. :$bill. ;$c12° 500 $aSegn.: [pg]2 1-15/6 16/6(-16/6) 773 0 $aCervantes Saavedra, Miguel : de <1547-1616>$tDon Quichotte de la Manche, traduit de l'espagnol de Michel de Cervantès, par Florian. Ouvrage posthume. Avec figures. Tome 1. [-6.].$dParis : Briand, libraire, rue des Poitevins, n° 2, au coin de la rue Hautefeuille, 1810.$kOeuvres de Florian$g2$w()357273 850 $aSeMil 852 $aSeMil$W1$xVenegono$y1$m1O III 14 FA$j246357$B248455$CSeMilBibl$Z2$F248455 $8I 996 $6245$aTome 2$9(OLS)http://semarc/title/1533 996 $6264$aParis :$bBriand, libraire, rue des Poitevins, n° 2, au coin de la rue Hautefeuille$9(OLS)http://semarc/publisher/59119